Recherches Polonaises sur la Culture Populaire des Carpates - Méthode et réalisation

Bibliographic Details
Main Author: Kowalska-Lewicka, Anna (Author)
Format: Book
Language:French
PhysicalDescription:S. 405-408 24 cm
Published: Budapest Akadémiai Kiadó 1965
Subjects:

MARC

LEADER 00000nam a2200000 a 4500
001 vtls001356272
003 SK-MaSNL
005 20260301114943.0
008 240314s1965 HU r 0 fre
020 |c 5,00 
035 |a SNK000309744 
040 |a SNK  |b slo  |c SNK  |e AACR2 
044 |a HU 
080 |a 008:39(438-31)  |2 1981 
100 1 |a Kowalska-Lewicka, Anna  |4 aut  |9 459182 
245 1 0 |a Recherches Polonaises sur la Culture Populaire des Carpates - Méthode et réalisation  |c par Anna Kowalska Lewicka 
260 |a Budapest  |b Akadémiai Kiadó  |c 1965 
300 |a S. 405-408  |c 24 cm 
500 |a Odtlačok: Europa et Hungariaca 1963 
650 0 7 |a kultúra ľudová poľská  |z Karpaty (Poľsko:oblasť)  |x výskumy národopisné  |x odtlačky  |2 SNK  |9 459183 
958 |a OND 
999 |c 720375  |d 722305 
952 |t P60, <04>, [BOOK], {604}  |a SNK  |b SNK  |y VYP  |7 0  |p 17A0181033  |o snkOIC 6632  |i snkK 540/99  |0 0  |1 0  |4 0  |d 1999-09-29  |l 0  |r 2005-01-02 00:00:00  |w 2026-02-23